Statistics for Asian Geography By Letter - V

Click here to take the quiz!

General Stats

  • This quiz has been taken 324 times
    (275 since last reset)
  • The average score is 10 of 20

Answer Stats

HintAnswer% Correct
Country on IndochinaVietnam
100%
Capital of LaosVientiane
86%
Biggest Russian city by the Pacific OceanVladivostok
85%
Major Russian river that empties into the Caspian SeaVolga
83%
Soputan, Krakatoa, Agung e.g.Volcano
79%
Communist guerrilla group that operated in the south of that countryViet Cong
78%
The blue four-armed Hindu GodVishnu
75%
City in central Mindanao with the namesake of a coastal Spanish cityValencia
71%
Maritime republic that controlled Cyprus between 1489–1571Venice
52%
Major city on the Ganges and holy site of HinduismVaranasi
50%
Modest garment for womenVeil
45%
Famous memorial in Kolkata that is dedicated to the former empress of IndiaVictoria
40%
Largest lake of Turkey and Middle EastVan
36%
Group of ancient Hindu scripturesVedas
36%
Type of machine common in JapanVending
30%
Israel's official memorial to the victims of the HolocaustYad {Vashem}
22%
Capital of Andhra Pradesh, IndiaVishakhapatnam
14%
Archipelago of the central of the PhilippinesVisayas
12%
Third biggest city of Gujarat, IndiaVadodara
11%
Buddhist branch of Mongolia and TibetVajrayana
7%

Score Distribution

Percentile by Number Answered

Percent of People with Each Score

Your Score History

You have not taken this quiz since the last reset